00415nam a2200145Ia 4500008004100000020001800041041000800059082001600067100003500083245003500118250000600153260006100159300001200220650003700232210716s2008 xx 000 0 und d a9780070668058 aeng a332.17 SASK aSasidharan, K;Mathews, Alex K. aFinancial services and system. a1 aNew DelhibTata McGraw Hill Publishing Company Ltdc2008 axxx,700 aFinancial Institutions & Markets